| 000 | 00536nam a2200157 a 4500 | ||
|---|---|---|---|
| 001 | 000043019 | ||
| 005 | 20201002040558.0 | ||
| 008 | 140217s1992 xxuc 001 0 spa d | ||
| 020 | _a0671769227 | ||
| 040 |
_aDO-SdBNP _bspa _cBNPHU |
||
| 100 | 1 |
_aAmbrose, Stephen E. _952930 |
|
| 245 | 1 | 0 |
_aBand of brothers. : _be company, 506th regiment, 101st airborne from Normandy to Hitler´s eagle´s nest / _cStephen E. Ambrose. |
| 260 |
_aNew York, : _bTouchstone book, _c1992. |
||
| 300 |
_a335 p. : _bretr. ; _c24 cm. |
||
| 500 | _aIncluye índice | ||
| 999 |
_c42508 _d42508 |
||